000 00820nam a22001817a 4500
005 20260216151755.0
008 260216b |||||||| |||| 00| 0 eng d
020 _a978603817500
040 _c.
082 _a720,9531 GH 105 2025
100 _a الغامدي , نائف علي
245 _aذاكرة الرياض :
_bنصف قرن من العمارة ( 1950 - 2000 ) /
_cنائف علي الغامدي
250 _a1 ط
260 _bالسعودية , الرياض , امانه مدينة الرياض , 2025
300 _a523 ص
_b30 سم
650 _zالعمارة - السعودية - الرياض - تاريخ l التخطيط العمراني - السعودية l الرياض ( السعودية ) - مباني ومنشآت l التطور العمراني - الرياض
942 _2ddc
_cBK-AR
_n0
999 _c8513
_d8513